000
00497nam a2200181Ia 4500
008
100917s9999 xx 000 0 und d
082
_b
32752
100
_a
गोवईकर पद्रमाकर
245
_a
ऎक जनमेजया
260
_b
अभय प्रकाशन
_c
1973
300
_a
64
365
_b
9
520
_a
नाटक
630
_a
ऎक जनमेजया
650
_a
नाटक
730
_a
ऎक जनमेजया
942
_c
BOOK
999
_c
638146
_d
638143